|
|
|
|
| LEADER |
00000naa2a2200000 4500 |
| 001 |
243407 |
| 005 |
20251218091924.0 |
| 035 |
|
|
|a (RuTPU)RU\TPU\book\264751
|
| 035 |
|
|
|a RU\TPU\book\264723
|
| 090 |
|
|
|a 243407
|
| 100 |
|
|
|a 20130926d2013 k y0rusy50 ca
|
| 101 |
0 |
|
|a rus
|
| 102 |
|
|
|a RU
|
| 135 |
|
|
|a arnn ---uucaa
|
| 181 |
|
0 |
|a i
|
| 182 |
|
0 |
|a b
|
| 200 |
1 |
|
|a Особенности обучения чтению иноязычной профессиональной литературы в техническом вузе
|f Т. Н. Беленюк
|
| 203 |
|
|
|a Текст
|c электронный
|
| 225 |
1 |
|
|a Родной и иностранные языки в обучении и профессиональной деятельности инженера/специалиста
|
| 300 |
|
|
|a Заглавие с экрана
|
| 320 |
|
|
|a [Библиогр.: с. 271 (5 назв.)]
|
| 337 |
|
|
|a Adobe Reader
|
| 463 |
|
1 |
|0 (RuTPU)RU\TPU\book\262130
|t Уровневая подготовка специалистов: государственные и международные стандарты инженерного образования
|o сборник трудов научно-методической конференции, 26-30 марта 2013 г., Томск
|f Национальный исследовательский Томский политехнический университет (ТПУ) ; ред. кол. А. И. Чучалин [и др.]
|v [С. 271-273]
|d 2013
|
| 610 |
1 |
|
|a труды учёных ТПУ
|
| 610 |
1 |
|
|a электронный ресурс
|
| 610 |
1 |
|
|a чтение
|
| 610 |
1 |
|
|a обучение
|
| 610 |
1 |
|
|a иноязычная литература
|
| 610 |
1 |
|
|a иностранная литература
|
| 610 |
1 |
|
|a профессиональная литература
|
| 610 |
1 |
|
|a технические вузы
|
| 700 |
|
1 |
|a Беленюк
|b Т. Н.
|c лингвист
|c доцент Томского политехнического университета
|f 1952-
|g Тамара Николаевна
|3 (RuTPU)RU\TPU\pers\30748
|
| 712 |
0 |
2 |
|a Национальный исследовательский Томский политехнический университет (ТПУ)
|b Институт развития стратегического партнерства и компетенций (ИСПК)
|b Кафедра методики преподавания иностранных языков (МПИЯ)
|3 (RuTPU)RU\TPU\col\18976
|
| 801 |
|
2 |
|a RU
|b 63413507
|c 20161111
|g RCR
|
| 856 |
4 |
|
|u http://www.lib.tpu.ru/fulltext/c/2013/C09/151.pdf
|
| 942 |
|
|
|c CF
|